Wszystkie państwa z terenami na równiku - Statystyki

Ogólne statystyki
  • Ten quiz został rozwiązany 25 razy
  • Średni wynik to 9 z 13
Statystyki odpowiedzi
Państwo % Poprawnych
3 Brazylia
100%
12 Indonezja
100%
2 Kolumbia
96%
1 Ekwador
92%
6 Demokratyczna Republika Konga
88%
5 Kongo
79%
8 Kenia
71%
4 Gabon
58%
7 Uganda
58%
9 Somalia
54%
11 Malediwy
46%
13 Kiribati
29%
10 Wyspy Świętego Tomasza
8%
Nie znaleziono quizów pasujących do podanych kryteriów
Rozkład punktacji
Procent ludzi z każdym wynikiem
Percentyl według liczby udzielonych odpowiedzi
Twoja historia wyników
Nie rozwiązałeś tego quizu